Positional astronomy and astro-navigation, made easy : a new approach using the pocket calculator /

Bibliographic Details
Main Author: Mills, Henry Robert
Format: Book
Language:English
Published: New York : Wiley, [1978]
Subjects:

MARC

Tag First Indicator Second Indicator Subfields
LEADER 00000pam a2200000 i 4500
001 in00000095144
005 20150927110644.0
008 770901s1978 nyua b 00110 eng
010 |a  77013142  
020 |a 0470993243 
035 |a (OCoLC)03292817 
035 |9 AAL7024AM 
040 |a DLC  |c DLC  |d TXA  |d UtOrBLW 
049 |a TXAM  |c [979426] 
050 0 0 |a QB151  |b .M54 
082 0 |a 522/.7 
100 1 |a Mills, Henry Robert. 
245 1 0 |a Positional astronomy and astro-navigation, made easy :  |b a new approach using the pocket calculator /  |c H. R. Mills ; [foreword by D. McNally]. 
264 1 |a New York :  |b Wiley,  |c [1978] 
264 4 |c ©1978 
300 |a 267 pages :  |b illustrations ;  |c 24 cm. 
336 |a text  |b txt  |2 rdacontent 
337 |a unmediated  |b n  |2 rdamedia 
338 |a volume  |b nc  |2 rdacarrier 
500 |a "A Halsted Press book." 
500 |a Includes index. 
504 |a Bibliography: pages 263-264. 
650 0 |a Spherical astronomy. 
650 0 |a Navigation. 
999 |a MARS 
999 f f |s 5db0756b-5d3a-31eb-ba99-0619e687895b  |i ca7432b6-d0bd-3a8a-a023-405466c8abde  |t 0 
952 f f |p normal  |a Texas A&M University  |b College Station  |c Sterling C. Evans Library  |d Evans: Library Stacks  |t 0  |e QB151 .M54  |h Library of Congress classification  |i unmediated -- volume  |m A14804576335 
998 f f |a QB151 .M54  |t 0  |l Evans: Library Stacks